The business plan workbook (Record no. 5416)

MARC details
000 -CABECERA
campo de control de longitud fija 03971cam a2200325 i 4500
001 - NÚMERO DE CONTROL
campo de control in00024337047
003 - IDENTIFICADOR DEL NÚMERO DE CONTROL
campo de control DLC
005 - FECHA Y HORA DE LA ÚLTIMA TRANSACCIÓN
campo de control 20260312095843.0
007 - CAMPO FIJO DE DESCRIPCIÓN FÍSICA--INFORMACIÓN GENERAL
campo de control de longitud fija t|
008 - DATOS DE LONGITUD FIJA--INFORMACIÓN GENERAL
campo de control de longitud fija 250930s2025 enk b 001 0 eng
010 ## - NÚMERO DE CONTROL DE LA BIBLIOTECA DEL CONGRESO
Número de control de LC 2025938718
020 ## - NÚMERO INTERNACIONAL ESTÁNDAR DEL LIBRO
Número Internacional Estándar del Libro 9781398623675
Información calificativa paperback
020 ## - NÚMERO INTERNACIONAL ESTÁNDAR DEL LIBRO
Número Internacional Estándar del Libro 9781398623682
Información calificativa hardback
020 ## - NÚMERO INTERNACIONAL ESTÁNDAR DEL LIBRO
ISBN cancelado o inválido 9781398623699
Información calificativa ebook
040 ## - FUENTE DE LA CATALOGACIÓN
Centro catalogador/agencia de origen DLC
Lengua de catalogación eng
Normas de descripción rda
Centro/agencia transcriptor DLC
Centro/agencia modificador DLC
-- DLC-MRC
041 ## - CÓDIGO DE LENGUA
Código de lengua del texto/banda sonora o título independiente English
042 ## - CÓDIGO DE AUTENTICACIÓN
Código de autenticación pcc
050 00 - SIGNATURA TOPOGRÁFICA DE LA BIBLIOTECA DEL CONGRESO
Número de clasificación HD30.28
Número de documento/Ítem .B3685 2025
100 ## - ENTRADA PRINCIPAL--NOMBRE DE PERSONA
Nombre de persona Barrow, Colin
Término indicativo de función/relación author
Código de función aut
-- http://id.loc.gov/vocabulary/relators/aut
Número de control del registro de autoridad o número normalizado http://id.loc.gov/authorities/names/n85059174
URI de un objeto del mundo real http://id.loc.gov/rwo/agents/n85059174
9 (RLIN) 1474
245 14 - MENCIÓN DE TÍTULO
Título The business plan workbook
Resto del título : a step-by-step guide to creating and developing a successful business
Mención de responsabilidad, etc. / Colin Barrow.
250 ## - MENCIÓN DE EDICIÓN
Mención de edición Eleventh edition.
264 #1 - PRODUCCIÓN, PUBLICACIÓN, DISTRIBUCIÓN, FABRICACIÓN Y COPYRIGHT
Producción, publicación, distribución, fabricación y copyright London ;
-- New York, NY :
Nombre del de productor, editor, distribuidor, fabricante Kogan Page Inc,
Fecha de producción, publicación, distribución, fabricación o copyright 2025.
300 ## - DESCRIPCIÓN FÍSICA
Extensión xvii, 292 pages
Dimensiones 24 cm
504 ## - NOTA DE BIBLIOGRAFÍA, ETC.
Nota de bibliografía, etc. Includes bibliographical references and index .
505 ## - NOTA DE CONTENIDO CON FORMATO
Nota de contenido con formato Section - ONE: Strategy and purpose<br/>— Coming up with a winning idea for your business plan<br/>— Strategy – the big picture<br/>— You and your team — <br/><br/><br/>Section - TWO: Market research<br/>— Researching customers<br/>— Researching competitors<br/>— A plan for market research — <br/><br/><br/>Section - THREE: Competitive marketing strategies<br/>— Products and/or services<br/>— Pricing<br/>— Advertising and promotion<br/>— Place and distribution<br/>— People, process and physical environment<br/>— Competing online — <br/><br/>Section - FOUR: Operations<br/>— The selling methods plan<br/>— Making, outsourcing and supplies<br/>— Legal and regulatory factors — <br/><br/>Section - FIVE: Reviewing financing requirements and options<br/>— The sales forecast<br/>— Cash-flow projections<br/>— The profit and loss account<br/>— The balance sheet<br/>— Break-even analysis<br/>— Estimating financing requirements<br/>— Stress testing your business projections — <br/><br/><br/>Section - SIX: Business controls<br/>— Financial controls<br/>— Sales and marketing controls<br/>— Other business controls — <br/><br/><br/>Section - SEVEN: Writing up and presenting your business plan<br/>— Writing up and presenting your business plan
520 ## - SUMARIO, ETC.
Sumario, etc. The essential textbook for building credible business plans that attract investment and drive results.<br/><br/>Now in its 11th edition, The Business Plan Workbook is a trusted guide for postgraduate students and early-stage entrepreneurs studying business strategy, entrepreneurship, and venture planning. Developed from the renowned methodology taught at Cranfield School of Management, this textbook aligns with course outcomes across business modeling, market analysis, and financial forecasting.<br/><br/>Structured around 26 critical areas of business planning, this edition enables students to stress-test their ideas and develop strategic clarity. New content explores how to use AI in market segmentation, financial projections, and SWOT modeling. Updated with real-world examples from companies including Nubank, YuLife, Doctolib, and Inceptio Technology, it also addresses evolving investor expectations and the impact of regulatory shifts across tax, trade, and policy.<br/><br/>Designed to support independent learning and classroom use, this practical guide includes:<br/><br/>- Structured assignments to apply key planning principles step by step.<br/><br/>- Case studies from high-growth startups and global innovators.<br/><br/>- Insights into narrative-building and storytelling for investment.<br/><br/>- Downloadable resources, including 80 PowerPoint slides and customizable templates.<br/><br/>Whether studying entrepreneurship or preparing a pitch for your own venture, The Business Plan Workbook provides the skills and tools to develop a compelling, viable business proposition.
650 #0 - PUNTO DE ACCESO ADICIONAL DE MATERIA--TÉRMINO DE MATERIA
Término de materia o nombre geográfico como elemento de entrada Business planning
Número de control del registro de autoridad o número normalizado http://id.loc.gov/authorities/subjects/sh85032906
9 (RLIN) 1415
650 #0 - PUNTO DE ACCESO ADICIONAL DE MATERIA--TÉRMINO DE MATERIA
Término de materia o nombre geográfico como elemento de entrada Business enterprises
Subdivisión general Finance
Número de control del registro de autoridad o número normalizado http://id.loc.gov/authorities/subjects/sh85018286
9 (RLIN) 379
942 ## - ELEMENTOS DE ENTRADA AGREGADA (KOHA)
Fuente del sistema de clasificación o colocación Clasificación de Library of Congress
Holdings
Estado de retiro Estado de pérdida Fuente del sistema de clasificación o colocación Estado dañado No para préstamo Biblioteca de origen Biblioteca actual Fecha de adquisición Total de préstamos Fecha visto por última vez Número de copia Precio válido a partir de Tipo de ítem Koha Nota pública
    Clasificación de Library of Congress     TBS Barcelona TBS Barcelona 12/03/2026   12/03/2026 1 12/03/2026 Book SOON AVAILABLE

Powered by Koha